000
00298pab a2200121 454500
008
180718b xxu||||| |||| 00| 0 eng d
100
_a
Dhavan, Rajeev
245
_a
Hinduism has flowered under constitution
650
_a
Hinduism
650
_a
Religion and State
773
_a
Pioneer
909
_a
24168
999
_c
24168
_d
24168